000 00376pab a2200169 454500
008 180718b2012 xxu||||| |||| 00| 0 eng d
100 _aSingh, Hargopal
245 _aMuch ado about Rashtrapati
260 _c2012
300 _ap.6-7.
362 _a7 Jul
650 _aIndia - President
650 _aPresidents
773 _aMainstream
908 _aN
909 _a96827
999 _c96827
_d96827